Los guerrilleros de 1808 (Record no. 163833)

MARC details
000 -LEADER
campo de control de longitud fija 01738nam a22002055i 4500
001 - NÚMERO DE CONTROL
campo de control 163833
003 - IDENTIFICADOR DE NÚMERO DE CONTROL
campo de control ES-MaACL
005 - FECHA Y HORA DE LA ÚLTIMA TRANSACCIÓN
campo de control 20251012063058.0
008 - DATOS DE LONGITUD FIJA--INFORMACIÓN GENERAL
campo de control de longitud fija 950206s1887 sp |||| | spa d
040 ## - FUENTE DE CATALOGACIÓN
Centro catalogador/agencia de origen CLM
100 1# - ENTRADA PRINCIPAL--NOMBRE DE PERSONA
Nombre de persona Rodríguez-Solís, Enrique,
Fechas asociadas al nombre 1844-1925
9 (RLIN) 143714
245 14 - MENCIÓN DEL TÍTULO
Título Los guerrilleros de 1808
Resto del título : historia popular de la guerra de la independencia /
Mención de responsabilidad, etc. E. Rodríguez-Solis.
260 ## - PUBLICACIÓN, DISTRIBUCIÓN, ETC.
Lugar de publicación, distribución, etc. Madrid :
Nombre del editor, distribuidor, etc. [s.n.],
Fecha de publicación, distribución, etc. 1887 (
Fabricante Imp. de Fernando Cao y Domingo de Val)
300 ## - DESCRIPCIÓN FÍSICA
Extensión 2 v. :
Otras características físicas il. ;
Dimensiones 26 cm.
505 8# - NOTA DE CONTENIDO CON FORMATO
Nota de contenido con formato t. 1. Historia popular de la guerra de la independencia Cuaderno 1": El primer guerrillero.- 56 p. Cuaderno 2": Patria y Libertad.- 48 p. Cuaderno 3": Los invencibles.- 48 p. Cuaderno 4": Napoleón en España.- 47 p. Cuaderno 5": Zaragoza.- 47 p. Cuaderno 6": La campaña de Talavera.- 48 p. Cuaderno 7": Heroismo contra barbarie.- 48 p. Cuaderno 8": España por las guerrillas.- 47 p. Cuaderno 9": La invasión de las Andalucias.- 47 p. Cuaderno 10": Nuevos campeones.- 47 p. Cuaderno 11": Las Cortes de Cádiz.- 46 p. t. 2 Cuaderno 1": La albueza.- 47 p. Cuaderno 2": El empecinado.- 48 p. Cuaderno 3": Francisco Espoz y Mina.- 48 p. Cuaderno 4": La Isla Gaditana.- 47 p. Cuaderno 5": El mártir Romeau.- 48 p. Cuaderno 6": La Constitución de 1812.- 48 p. Cuaderno 7": îGuerra a muerte!.- 48 p. Cuaderno 8": La batalla de Vitoria.- 48 p. Cuaderno 9": Los españoles en Francia.- 47 p. Cuaderno 10": La caída de Napoleón.- 48 p. Cuaderno 11": El ocaso de la libertad.- 47 p.
651 #4 - PUNTO DE ACCESO ADICIONAL DE MATERIA--NOMBRE GEOGRÁFICO
Nombre geográfico España-
Subdivisión general Historia-
Subdivisión cronológica 1808-1814, Guerra de la Independencia
9 (RLIN) 8244
852 ## - LOCALIZACIÓN
Ubicación ES-MaACL
Número de control de estantería C-435-36
Nota libre -- Enc. ed. en tela
852 ## - LOCALIZACIÓN
Ubicación ES-MaACL
Número de control de estantería C-2303-04
Nota libre -- Enc. ed. en tela
Holdings
Estatus retirado Estado de pérdida Estado de daño No para préstamo Colección Biblioteca de origen Biblioteca actual Ubicación en estantería Fecha de adquisición Total de préstamos Signatura topográfica completa Código de barras Visto por última vez Precio de reemplazo Tipo de ítem Koha
        Libros del s. XIX Biblioteca del Ateneo de Madrid Biblioteca del Ateneo de Madrid Sala Palomar 17/01/2008   C-2303-04 1171698 23/02/2023 23/02/2023 Libro impreso antiguo
        Libros del s. XIX Biblioteca del Ateneo de Madrid Biblioteca del Ateneo de Madrid Depósito 2 17/01/2008   C-435-36 1171697 23/02/2023 23/02/2023 Libro impreso antiguo